Catálogo público

The genus peiopsis : (Record no. 201257)

MARC details
000 -CABECERA
campo de control de longitud fija 00988nam a2200277Ia 4500
001 - NÚMERO DE CONTROL
campo de control Para_2682
003 - IDENTIFICADOR DEL NÚMERO DE CONTROL
campo de control CHAP
008 - DATOS DE LONGITUD FIJA--INFORMACIÓN GENERAL
campo de control de longitud fija 220125s1897 xx 000 0 und d
010 ## - NÚMERO DE CONTROL DE LA BIBLIOTECA DEL CONGRESO
Número de control de LC 201257
040 ## - FUENTE DE LA CATALOGACIÓN
Centro/agencia transcriptor CHAP
082 ## - NÚMERO DE LA CLASIFICACIÓN DECIMAL DEWEY
Número de clasificación PA-C 595.752 J38
100 ## - ENTRADA PRINCIPAL--NOMBRE DE PERSONA
Nombre de persona Osborn, Herbert
9 (RLIN) 84164
245 ## - MENCIÓN DE TÍTULO
Título The genus peiopsis :
Resto del título A review of the North American species /
Mención de responsabilidad, etc. by Herbert Osborn and Elmer D. Ball
300 ## - DESCRIPCIÓN FÍSICA
Extensión 13 p.
440 ## - MENCIÓN DE SERIE/PUNTO DE ACCESO ADICIONAL--TÍTULO
Título Jassoidea of America; 1
9 (RLIN) 165950
500 ## - NOTA GENERAL
Nota general Sobretiro de: Proceedings of the Davenport Academy of Natural Sciences 7: 111-123, 1897. Encuadernado con: American leaf-hoppers of the subfamily typhlocybinae /by Clarence P. Guillette 70-149
650 ## - PUNTO DE ACCESO ADICIONAL DE MATERIA--TÉRMINO DE MATERIA
Término de materia o nombre geográfico como elemento de entrada Cicadelidos
Subdivisión general Colecciones de escritos Macropsis
9 (RLIN) 166150
700 ## - PUNTO DE ACCESO ADICIONAL--NOMBRE DE PERSONA
Nombre de persona Ball, Elmer Darwin
9 (RLIN) 9708
901 ## - ELEMENTOS DE DATOS A LOCAL LDA (RLIN)
a PA-C 595.752 J38
902 ## - ELEMENTOS DE DATOS B LOCAL, LDB (RLIN)
a A
905 ## - ELEMENTOS DE DATOS E LOCAL, LDE (RLIN)
a 0000001897 0000000000 00
910 ## - DATOS DE OPCIÓN DEL USUARIO (OCLC)
Datos de opción del usuario 1897
942 ## - ELEMENTOS DE PUNTO DE ACCESO ADICIONAL (KOHA)
Tipo de ítem Koha Parasitologia_
942 ## - ELEMENTOS DE PUNTO DE ACCESO ADICIONAL (KOHA)
Tipo de ítem Koha Parasitologia_
-- 1
Holdings
Estado de retiro Estado de pérdida Fuente del sistema de clasificación o colocación Estado dañado Restricciones de uso No para préstamo Código de colección Localización permanente Ubicación/localización actual Ubicación en estantería Fecha de adquisición Información codificada de la localización en otra ubicación Enumeración/cronología de publicación seriada Total de préstamos Código de barras Fecha visto por última vez Precio válido a partir de Tipo de ítem Koha Nota pública
    Dewey Decimal Classification   Préstamo interno   Consulta Parasitologia Agricola Parasitologia Agricola   27/10/2005 PARA Volumen: 1   PA_212-2 25/01/2022 25/01/2022 Libro 3